World problems and Muslim economics / (Record no. 43604)
[ view plain ]
| 000 -LEADER | |
|---|---|
| fixed length control field | 00573nam a2200205 a 4500 |
| 001 - CONTROL NUMBER | |
| control field | 43604 |
| 003 - CONTROL NUMBER IDENTIFIER | |
| rucl marc code | BD-RjUL |
| 005 - DATE AND TIME OF LATEST TRANSACTION | |
| control field | 20211209053724.0 |
| 008 - FIXED-LENGTH DATA ELEMENTS--GENERAL INFORMATION | |
| fixed length control field | 160625s1952 pk ||||| |||| 00| 0 eng d |
| 035 ## - SYSTEM CONTROL NUMBER | |
| System control number | (BD-RjUL)43722 |
| 040 ## - CATALOGING SOURCE | |
| Original cataloging agency | BD-RjUL |
| Language of cataloging | eng |
| Transcribing agency | BD-RjUL |
| Modifying agency | BD-RjUL |
| 041 ## - LANGUAGE CODE | |
| Language code of text/sound track or separate title | eng |
| 082 ## - DEWEY DECIMAL CLASSIFICATION NUMBER | |
| Classification number | 297.273 |
| Author mark and year | KHW 1952 |
| 100 10 - MAIN ENTRY--PERSONAL NAME | |
| Personal name | Khan, Ihsan Muhammad |
| 9 (RLIN) | 133974 |
| 245 10 - TITLE STATEMENT | |
| Title | World problems and Muslim economics / |
| Statement of responsibility, etc. | by Ihsan Muhammad Khan |
| 300 ## - PHYSICAL DESCRIPTION | |
| Pagination | 150 p. ; |
| Size | 22 cm. |
| 650 ## - SUBJECT ADDED ENTRY--TOPICAL TERM | |
| Topical term or geographic name as entry element | Economics |
| 9 (RLIN) | 133975 |
| 651 ## - SUBJECT ADDED ENTRY--GEOGRAPHIC NAME | |
| Materials specified | Religious aspects |
| Form subdivision | Islam |
| 9 (RLIN) | 133976 |
| 942 ## - ADDED ENTRY ELEMENTS (KOHA) | |
| Source of classification or shelving scheme | Dewey Decimal Classification |
| Koha item type | Books |
| Lost status | Source of classification or shelving scheme | Damaged status | Not for loan | Collection code | Permanent Location | Current Location | Shelving location | Date acquired | Source of acquisition | Cost, normal purchase price | Total Checkouts | Full call number | Date last seen | Copy number | Koha item type |
|---|---|---|---|---|---|---|---|---|---|---|---|---|---|---|---|
| Dewey Decimal Classification | Non-fiction | Central Library, University of Rajshahi | Central Library, University of Rajshahi | 01/06/1955 | Pak American comm | 6.80 | 297.273 KHW 1952 | 25/06/2016 | C-2 | Books |